| 000 | 00494nam a2200169Ia 4500 | ||
|---|---|---|---|
| 999 |
_c22585 _d22585 |
||
| 003 | OSt | ||
| 005 | 20200512115232.0 | ||
| 008 | 190216s9999||||xx |||||||||||||| ||und|| | ||
| 040 | _coclc | ||
| 082 |
_a297.24 _bMUN/G |
||
| 100 |
_aMunir, Mohammad _92220 |
||
| 245 | 0 |
_aGod Universe And Life / _cMohammad Munir |
|
| 260 |
_bAdam Publishers&Distributors, _aDelhi: _c1992. |
||
| 300 | _a215p | ||
| 650 | _aIslamic History | ||
| 942 |
_cBK _2ddc _h297.24 _iMUN/G _k297.24 _mMUN/G |
||